[Event "4NCL"]
[Site "Barcelo Hotel, Daventry, ENG"]
[Date "2010.11.07"]
[Round "2.16"]
[White "Palliser, Richard JD"]
[Black "Cuenca Jimenez, Jose Fernando"]
[Result "1-0"]
[WhiteElo "2445"]
[BlackElo "2490"]
[PlyCount "91"]
[EventDate "2010.??.??"]
[WhiteTeam "White Rose 1"]
[BlackTeam "Guildford A&DC 1"]

1. d4 Nf6 2. c4 g6 3. Nc3 Bg7 4. e4 d6 5. f4 c5 6. d5 O-O 7. Nf3 e6 8. dxe6
fxe6 9. Bd3 Nc6 10. O-O h6 11. Qe1 e5 12. f5 Ne7 13. Nh4 g5 14. Nf3 a6 15. h3
Nh5 16. g3 Bd7 17. Kg2 Qe8 18. Qe2 Bc6 19. Bd2 b6 20. Rad1 Rb8 21. Bb1 b5 22.
Bc2 b4 23. Nd5 Nxd5 24. exd5 Bd7 25. h4 e4 26. Qxe4 Bxf5 27. Qxe8 Rbxe8 28.
Bxf5 Rxf5 29. hxg5 Re4 30. Nh4 Rxf1 31. Rxf1 hxg5 32. Nf5 Rxc4 33. Ne7+ Kh7 34.
Rh1 Kh6 35. Kf3 Bf6 36. Nf5+ Kg6 37. g4 Nf4 38. Rh6+ Kf7 39. Nxd6+ Kg7 40. Nxc4
Kxh6 41. Bxf4 gxf4 42. Kxf4 Kg6 43. Ne5+ Kg7 44. d6 a5 45. g5 Bd8 46. b3 1-0

[Event "4NCL"]
[Site "Barcelo Hotel, Daventry, ENG"]
[Date "2010.11.07"]
[Round "2.16"]
[White "Kosten, Anthony C"]
[Black "Buckley, Simon T"]
[Result "0-1"]
[WhiteElo "2513"]
[BlackElo "2345"]
[PlyCount "94"]
[EventDate "2010.??.??"]
[WhiteTeam "Guildford A&DC 1"]
[BlackTeam "White Rose 1"]

1. c4 e5 2. Nc3 Nc6 3. Nf3 Nf6 4. g3 Bb4 5. Bg2 Bxc3 6. dxc3 d6 7. O-O Be6 8.
b3 h6 9. Ne1 Qd7 10. e4 O-O 11. Nc2 Bh3 12. Bxh3 Qxh3 13. f3 Nd7 14. Ne3 Ne7
15. Nd5 Nxd5 16. Qxd5 Rfd8 17. Be3 Nf6 18. Qd3 b6 19. a4 a5 20. Ra2 Qd7 21. Rg2
Qe6 22. Re1 Re8 23. Rd2 Nh7 24. h4 Rf8 25. g4 Qf6 26. Bf2 h5 27. Bg3 Qe6 28.
Rg2 Kh8 29. Bf2 Rg8 30. Qd2 g5 31. Kh2 Qf6 32. Reg1 Qxf3 33. gxh5 gxh4 34. Qe3
Qxh5 35. Qh3 Ng5 36. Rxg5 Rxg5 37. Bxh4 Qe2+ 38. Kh1 Qxe4+ 39. Kh2 Qe2+ 40. Kh1
Rxg1+ 41. Kxg1 Qd1+ 42. Kf2 Qc2+ 43. Ke1 Qb1+ 44. Kd2 Kg7 45. Bg5 Re8 46. Bh6+
Kg6 47. Qd7 Re6 0-1

[Event "4NCL"]
[Site "Barcelo Hotel, Daventry, ENG"]
[Date "2010.11.07"]
[Round "2.16"]
[White "Berzinsh, Roland"]
[Black "Townsend, M Paul"]
[Result "0-1"]
[WhiteElo "2427"]
[BlackElo "2246"]
[PlyCount "98"]
[EventDate "2010.??.??"]
[WhiteTeam "Guildford A&DC 1"]
[BlackTeam "White Rose 1"]

1. e4 g6 2. d4 Bg7 3. Nc3 d6 4. Be3 a6 5. f4 b5 6. Nf3 Bb7 7. Bd3 Nd7 8. e5 c5
9. Be4 Qc8 10. Bxb7 Qxb7 11. dxc5 dxe5 12. Qd5 Qxd5 13. Nxd5 Rc8 14. Nb6 Nxb6
15. cxb6 Nf6 16. fxe5 Nd5 17. Bd4 O-O 18. a4 Rxc2 19. O-O Rb8 20. axb5 axb5 21.
Ra5 Nxb6 22. Rxb5 Nd7 23. Rxb8+ Nxb8 24. Ra1 Nc6 25. Bc3 Bh6 26. Ra8+ Kg7 27.
e6+ f6 28. Rc8 Nb4 29. Rd8 Be3+ 30. Kf1 Rf2+ 31. Ke1 Nc2+ 32. Kd1 Bc5 33. Rc8
Ne3+ 34. Kc1 Bd6 35. Nd2 Rxg2 36. Ne4 Bf4 37. Kb1 Nd5 38. Rd8 Re2 39. Rxd5 Rxe4
40. Rd4 Rxd4 41. Bxd4 Bxh2 42. b4 g5 43. Bc5 Kg6 44. Bxe7 Kf5 45. Kc2 Kxe6 46.
Bd8 Be5 47. Kd3 Kd5 48. Bb6 h5 49. b5 h4 0-1

[Event "4NCL"]
[Site "Barcelo Hotel, Daventry, ENG"]
[Date "2010.11.07"]
[Round "2.16"]
[White "Croad, Nicolas"]
[Black "Garrido Dominguez, Jesus"]
[Result "0-1"]
[WhiteElo "2297"]
[BlackElo "2410"]
[PlyCount "78"]
[EventDate "2010.??.??"]
[WhiteTeam "White Rose 1"]
[BlackTeam "Guildford A&DC 1"]

1. d4 Nf6 2. c4 g6 3. Nc3 Bg7 4. e4 d6 5. Nf3 O-O 6. Be2 Na6 7. O-O e5 8. Be3
Ng4 9. Bg5 Qe8 10. dxe5 dxe5 11. h3 f6 12. Bc1 Nh6 13. Be3 Nf7 14. c5 c6 15.
Bc4 Kh8 16. Nd2 Nc7 17. b4 Ne6 18. Nb3 f5 19. f3 f4 20. Bf2 Qe7 21. Ne2 g5 22.
Na5 h5 23. Qb3 g4 24. fxg4 hxg4 25. hxg4 Nfg5 26. Bh4 Bf6 27. Rad1 Nxe4 28.
Bxf6+ Rxf6 29. Qb2 N6g5 30. Rde1 f3 31. Ng3 f2+ 32. Rxf2 Rxf2 33. Qa1 Rf4 34.
Bd3 Nxg3 35. Rxe5 Qf6 36. Kh2 N5e4 37. Bxe4 Nxe4 38. g5 Rh4+ 39. Kg1 Qf2# 0-1

[Event "4NCL"]
[Site "Barcelo Hotel, Daventry, ENG"]
[Date "2010.11.07"]
[Round "2.16"]
[White "Povah, Nigel E"]
[Black "Gayson, Peter M"]
[Result "0-1"]
[WhiteElo "2336"]
[BlackElo "2184"]
[PlyCount "78"]
[EventDate "2010.??.??"]
[WhiteTeam "Guildford A&DC 1"]
[BlackTeam "White Rose 1"]

1. d4 f5 2. Bg5 g6 3. Nc3 Bg7 4. h4 h6 5. Bf4 Nf6 6. Qd3 d6 7. O-O-O O-O 8. f3
Nc6 9. e3 Qe8 10. Nb5 Qd8 11. g4 a6 12. Nc3 b5 13. gxf5 Nh5 14. Bh2 gxf5 15.
Nge2 Bb7 16. a3 e5 17. Bh3 exd4 18. exd4 Qxh4 19. f4 Nxd4 20. Nxd4 Bxh1 21.
Nxf5 Rxf5 22. Qxf5 Bf3 23. Rf1 Bb7 24. Rg1 Rf8 25. Qe6+ Kh8 26. Qe3 Nxf4 27.
Rg3 Nh5 28. Rg4 Qf6 29. Kb1 Bc8 30. Rg1 Bxh3 31. Qxh3 Qf5 32. Qe3 d5 33. Ne2
Qf6 34. c3 Qf2 35. Qh3 Qxe2 36. Rg2 Rf1+ 37. Ka2 Qc4+ 38. b3 Qe4 39. Rb2 Qe1
0-1

[Event "4NCL"]
[Site "Barcelo Hotel, Daventry, ENG"]
[Date "2010.11.07"]
[Round "2.16"]
[White "Messam-Sparks, Lateefah"]
[Black "Grigoryan, Meri"]
[Result "1-0"]
[WhiteElo "1928"]
[BlackElo "2099"]
[PlyCount "63"]
[EventDate "2010.??.??"]
[WhiteTeam "White Rose 1"]
[BlackTeam "Guildford A&DC 1"]

1. d4 d5 2. c4 Nc6 3. e3 Nf6 4. Nc3 g6 5. Nf3 Bg7 6. Be2 O-O 7. O-O Re8 8. cxd5
Nxd5 9. e4 Nxc3 10. bxc3 e5 11. d5 Ne7 12. Qb3 c5 13. Be3 b6 14. Ng5 Qd6 15. f4
f5 16. Kh1 h6 17. fxe5 Bxe5 18. Nf3 Kg7 19. Bb5 Rf8 20. Nxe5 Qxe5 21. Bf4 Qf6
22. e5 Qf7 23. e6 Qg8 24. Rfe1 g5 25. Bd6 Kf6 26. Rad1 Rd8 27. Bxe7+ Kxe7 28.
Bc6 Rb8 29. Qa4 a6 30. c4 Rd6 31. Qc2 Qf8 32. Re5 1-0

[Event "4NCL"]
[Site "Barcelo Hotel, Daventry, ENG"]
[Date "2010.11.07"]
[Round "2.17"]
[White "Zakarian, David"]
[Black "Rendle, Thomas E"]
[Result "1-0"]
[WhiteElo "2362"]
[BlackElo "2400"]
[PlyCount "147"]
[EventDate "2010.??.??"]
[WhiteTeam "Oxford 1"]
[BlackTeam "Sambuca Sharks"]

1. e4 e6 2. Qe2 c5 3. g3 Nc6 4. Nf3 g6 5. Na3 d6 6. Bg2 Bg7 7. O-O Nge7 8. c3
O-O 9. Nc2 e5 10. h3 Kh8 11. d4 cxd4 12. cxd4 exd4 13. Rd1 Qb6 14. Qd3 Ne5 15.
Qa3 Nxf3+ 16. Qxf3 Bd7 17. Bg5 f6 18. Bf4 f5 19. Qa3 Rac8 20. Rd2 fxe4 21. Qxd6
Qxb2 22. Qxe7 d3 23. Rf1 dxc2 24. Rxd7 c1=Q 25. Bxc1 Rxc1 26. Rxc1 Qxc1+ 27.
Kh2 Qc3 28. Rd8 Kg8 29. Bxe4 Rxd8 30. Qxd8+ Bf8 31. Bd5+ Kg7 32. Qd7+ Kh6 33.
Qxb7 Bc5 34. Qf7 Qe5 35. f4 Qe2+ 36. Bg2 Qe7 37. Qd5 Qe3 38. h4 Qd4 39. Qg5+
Kg7 40. h5 Bd6 41. h6+ Kf7 42. Qd8 Qc5 43. Qd7+ Kf8 44. Qe6 Qh5+ 45. Bh3 Be7
46. Qc8+ Kf7 47. Qa6 Qxh6 48. Qxa7 Qh5 49. Qe3 Qc5 50. Qe2 Kg7 51. a4 Bf6 52.
Bg2 h5 53. Be4 Qb4 54. Bc2 h4 55. Qd3 hxg3+ 56. Kxg3 Qc3 57. a5 Qe1+ 58. Kg2
Qe8 59. a6 Kf8 60. Qe4 Qb8 61. Qa4 Qa7 62. Bxg6 Kg7 63. Bf5 Qe3 64. Qd7+ Kf8
65. Qe6 Qd2+ 66. Kf3 Qd1+ 67. Kg2 Qd2+ 68. Kh3 Qc3+ 69. Kg4 Qa1 70. Bg6 Qg1+
71. Kf5 Qb1+ 72. Qe4 Qb5+ 73. Kxf6 Qd5 74. Qe8# 1-0

[Event "4NCL"]
[Site "Barcelo Hotel, Daventry, ENG"]
[Date "2010.11.07"]
[Round "2.17"]
[White "Roberson, Peter T"]
[Black "Rose, Matthew"]
[Result "1-0"]
[WhiteElo "2281"]
[BlackElo "2276"]
[PlyCount "170"]
[EventDate "2010.??.??"]
[WhiteTeam "Sambuca Sharks"]
[BlackTeam "Oxford 1"]

1. e4 c5 2. Nc3 Nc6 3. Bb5 Nd4 4. Bc4 e6 5. Nf3 a6 6. d3 b5 7. Bb3 Nxb3 8. axb3
Bb7 9. O-O Nf6 10. e5 b4 11. exf6 bxc3 12. fxg7 Bxg7 13. bxc3 Bxc3 14. Ra4 Rg8
15. g3 Qb6 16. Nd2 Qc6 17. f3 Bd4+ 18. Kg2 d5 19. f4 Bc3 20. Nf3 O-O-O 21. Ba3
Qc7 22. d4 Bc6 23. Rxa6 Bb5 24. Ra8+ Kb7 25. Rxd8 Bxf1+ 26. Qxf1 Rxd8 27. Bxc5
Qa5 28. Qd3 Bb4 29. Qxh7 Bxc5 30. Qxf7+ Ka8 31. dxc5 Qxc5 32. Qxe6 Qxc2+ 33.
Kh3 Qxb3 34. Qc6+ Kb8 35. Qf6 Rd7 36. Ne5 Rh7+ 37. Kg4 Qd1+ 38. Nf3 Qb1 39.
Qf8+ Kb7 40. Qf5 Rg7+ 41. Ng5 Qd1+ 42. Kh4 Re7 43. Ne6 Ka7 44. Kg5 Qe2 45. Kf6
Rxe6+ 46. Qxe6 Qxe6+ 47. Kxe6 d4 48. f5 d3 49. f6 d2 50. f7 d1=Q 51. f8=Q Qe2+
52. Kd7 Qxh2 53. Qa3+ Kb7 54. Qb4+ Ka6 55. Qd6+ Ka7 56. Qd4+ Ka6 57. Qd3+ Kb6
58. g4 Qc7+ 59. Ke6 Qc8+ 60. Qd7 Qc4+ 61. Kf6 Qf4+ 62. Qf5 Qh6+ 63. Kf7 Qh3 64.
Qg6+ Ka7 65. g5 Kb7 66. Qe4+ Kc7 67. Qe7+ Kb8 68. g6 Qh5 69. Qd7 Ka8 70. Kg7
Qe5+ 71. Kg8 Qb8+ 72. Kf7 Qf4+ 73. Kg8 Qb8+ 74. Kh7 Qh2+ 75. Kg7 Qe5+ 76. Kh6
Qf4+ 77. Kh5 Qe5+ 78. Kg4 Qe2+ 79. Kg5 Qg2+ 80. Qg4 Qd2+ 81. Kf5 Qd5+ 82. Kf4
Qd4+ 83. Kg3 Qe5+ 84. Kg2 Qb2+ 85. Kf3 Qb3+ 1-0

[Event "4NCL"]
[Site "Barcelo Hotel, Daventry, ENG"]
[Date "2010.11.07"]
[Round "2.17"]
[White "Shaw, David A"]
[Black "Adair, James"]
[Result "0-1"]
[WhiteElo "2244"]
[BlackElo "2208"]
[PlyCount "120"]
[EventDate "2010.??.??"]
[WhiteTeam "Oxford 1"]
[BlackTeam "Sambuca Sharks"]

1. e4 c5 2. Nf3 d6 3. d4 cxd4 4. Nxd4 Nf6 5. Nc3 a6 6. Be3 e5 7. Nb3 Be6 8. f3
Nbd7 9. g4 Nb6 10. g5 Nh5 11. Qd2 Rc8 12. O-O-O Be7 13. Kb1 O-O 14. Rg1 g6 15.
h4 Qc7 16. Nd5 Nxd5 17. exd5 Bf5 18. Bd3 Bxd3 19. Qxd3 f6 20. Nd2 fxg5 21. hxg5
Rf5 22. Rdf1 Rcf8 23. Rg4 Qd8 24. Rfg1 Nf4 25. Bxf4 exf4 26. Ne4 Re5 27. c4
Rff5 28. Qd2 b5 29. b3 bxc4 30. bxc4 Qb6+ 31. Qb2 Qe3 32. Qb3 Qa7 33. R1g2 Kg7
34. Qb2 Rf8 35. Qf2 Qc7 36. Qd4 Qa5 37. Rd2 Rb8+ 38. Kc2 Qxa2+ 39. Kd1 Qb3+ 40.
Ke2 Rb4 41. Kf2 Rxc4 42. Qa7 Rc2 43. Rxf4 Rxd2+ 44. Nxd2 Qxd5 45. Ne4 Qa2+ 46.
Kg3 Qa1 47. Rg4 d5 48. Nf6 Qe1+ 49. Kh3 Rf5 50. f4 Qe6 51. Ne8+ Kf7 52. Nc7 Qd7
53. Qb8 h5 54. gxh6 Rh5+ 55. Kg3 Rxh6 56. Nxa6 Qa4 57. Nc7 Qa3+ 58. Kg2 Qh3+
59. Kf2 Bc5+ 60. Ke1 Qe3+ 0-1

[Event "4NCL"]
[Site "Barcelo Hotel, Daventry, ENG"]
[Date "2010.11.07"]
[Round "2.17"]
[White "Williams, Samuel G"]
[Black "Rawlinson, Aidan M"]
[Result "1-0"]
[WhiteElo "2190"]
[BlackElo "2183"]
[PlyCount "33"]
[EventDate "2010.??.??"]
[WhiteTeam "Sambuca Sharks"]
[BlackTeam "Oxford 1"]

1. d4 d5 2. c4 c6 3. Nf3 Nf6 4. Nc3 e6 5. Bg5 dxc4 6. e4 b5 7. e5 h6 8. Bh4 g5
9. Nxg5 hxg5 10. Bxg5 Nbd7 11. exf6 Bb7 12. g3 c5 13. d5 Qb6 14. Bg2 b4 15. Rb1
bxc3 16. bxc3 Qa6 17. Rxb7 1-0

[Event "4NCL"]
[Site "Barcelo Hotel, Daventry, ENG"]
[Date "2010.11.07"]
[Round "2.17"]
[White "White, Michael JR"]
[Black "Varnam, Liam D"]
[Result "1-0"]
[WhiteElo "2217"]
[BlackElo "2116"]
[PlyCount "83"]
[EventDate "2010.??.??"]
[WhiteTeam "Oxford 1"]
[BlackTeam "Sambuca Sharks"]

1. d4 d5 2. c4 Nc6 3. cxd5 Qxd5 4. e3 e5 5. Nc3 Bb4 6. Bd2 Bxc3 7. bxc3 exd4 8.
cxd4 Nf6 9. f3 O-O 10. Ne2 Re8 11. Kf2 b6 12. Bc3 Qf5 13. Nf4 g5 14. Bd3 Qd7
15. Ne2 Nd5 16. Bd2 Bb7 17. Qc2 f6 18. a3 Rad8 19. Rad1 Kh8 20. Bc1 a6 21. g4
Qe7 22. Be4 h6 23. Ng3 Qf8 24. h4 Nce7 25. Rh3 Ng8 26. Rdh1 Rd6 27. Bb2 b5 28.
Nf5 Rb6 29. hxg5 fxg5 30. Rh5 Rbe6 31. Bxd5 Bxd5 32. e4 Bxe4 33. fxe4 Rxe4 34.
d5+ Kh7 35. Qxc7+ R8e7 36. Qc3 R4e5 37. Kg3 Qf6 38. Qf3 Qf8 39. Bxe5 Rxe5 40.
Qc3 Qb8 41. Rxh6+ Nxh6 42. Rxh6+ 1-0

[Event "4NCL"]
[Site "Barcelo Hotel, Daventry, ENG"]
[Date "2010.11.07"]
[Round "2.17"]
[White "Purton, Ben J"]
[Black "Dickinson, Tim R"]
[Result "0-1"]
[WhiteElo "2147"]
[BlackElo "2155"]
[PlyCount "80"]
[EventDate "2010.??.??"]
[WhiteTeam "Sambuca Sharks"]
[BlackTeam "Oxford 1"]

1. e4 c6 2. d4 d5 3. e5 a6 4. c3 Bf5 5. Ne2 e6 6. Ng3 Bg6 7. h4 h6 8. Nd2 c5 9.
h5 Bh7 10. Qg4 Nc6 11. a3 cxd4 12. cxd4 Qg5 13. Qxg5 hxg5 14. Ne2 Bd3 15. Nf3
g4 16. Nfg1 g6 17. Be3 Rxh5 18. Rxh5 gxh5 19. g3 Nh6 20. Nf4 Bg6 21. Nxg6 fxg6
22. Bd3 Nf5 23. Ne2 Kf7 24. Rc1 Be7 25. Nf4 Rh8 26. Bxa6 Ncxd4 27. Bxd4 bxa6
28. Ba7 g5 29. Ng2 h4 30. Ne3 hxg3 31. fxg3 Rh1+ 32. Kd2 Rxc1 33. Kxc1 Nxe3 34.
Bxe3 Kg6 35. Kd2 Kf5 36. Bd4 Bf8 37. b4 Bg7 38. a4 Bxe5 39. Bf2 Ke4 40. b5 axb5
0-1

[Event "4NCL"]
[Site "Barcelo Hotel, Daventry, ENG"]
[Date "2010.11.07"]
[Round "2.17"]
[White "Harvey, Marcus R"]
[Black "Russell, Christopher"]
[Result "1-0"]
[WhiteElo "2098"]
[BlackElo "2086"]
[PlyCount "157"]
[EventDate "2010.??.??"]
[WhiteTeam "Oxford 1"]
[BlackTeam "Sambuca Sharks"]

1. e4 e6 2. d4 d5 3. e5 c5 4. c3 Qb6 5. Nf3 Bd7 6. Be2 Bb5 7. O-O Bxe2 8. Qxe2
Nc6 9. dxc5 Bxc5 10. b4 Be7 11. a4 h5 12. Na3 Nh6 13. Be3 Qd8 14. Nd4 Nxd4 15.
Bxd4 Nf5 16. Rfd1 h4 17. Qb5+ Qd7 18. c4 a6 19. Qxd7+ Kxd7 20. cxd5 exd5 21.
Bc5 Ke6 22. Rac1 Rac8 23. Bxe7 Nxe7 24. f4 Ng6 25. g3 hxg3 26. hxg3 Ne7 27. Nc2
Kd7 28. Nd4 Rxc1 29. Rxc1 Nc6 30. Nb3 Nxb4 31. Nc5+ Ke7 32. Nxb7 Kd7 33. Rb1
Nd3 34. Rb3 Nc1 35. Rb2 Kc6 36. Na5+ Kc5 37. Rc2+ Kb6 38. Rxc1 Kxa5 39. Rc5+
Kxa4 40. Rxd5 g5 41. Rd7 gxf4 42. gxf4 Rf8 43. Kf2 a5 44. Ke3 Kb5 45. Kd4 Kc6
46. Rd6+ Kc7 47. Ra6 Rb8 48. Ra7+ Rb7 49. Rxa5 Rb4+ 50. Ke3 Kd7 51. Ra7+ Ke6
52. Ra6+ Ke7 53. Kf3 Rb7 54. Ke4 Rb4+ 55. Kf5 Rb7 56. Ra4 Rc7 57. Rd4 Rc6 58.
Rb4 Rc7 59. Rb6 Ra7 60. Rd6 Rb7 61. Ke4 Rb4+ 62. Rd4 Rb7 63. f5 Rb6 64. Ra4 Rb1
65. Ra7+ Ke8 66. Kf4 Rg1 67. Ra8+ Kd7 68. Rb8 Ke7 69. f6+ Kd7 70. Rf8 Rf1+ 71.
Kg5 Rg1+ 72. Kh6 Ke6 73. Re8+ Kf5 74. Kh7 Rg2 75. Rg8 Rh2+ 76. Kg7 Kxe5 77.
Kxf7 Ra2 78. Rg5+ Kd6 79. Rg1 1-0

[Event "4NCL"]
[Site "Barcelo Hotel, Daventry, ENG"]
[Date "2010.11.07"]
[Round "2.18"]
[White "Hulmes, David I"]
[Black "Morrison, Graham"]
[Result "1/2-1/2"]
[WhiteElo "2255"]
[BlackElo "2345"]
[PlyCount "61"]
[EventDate "2010.??.??"]
[WhiteTeam "e2e4.org.uk 1"]
[BlackTeam "Barbican 4NCL 2"]

1. e4 c5 2. Nf3 e6 3. d4 cxd4 4. Nxd4 Nc6 5. Nc3 d6 6. Bc4 Nf6 7. Bb3 Be7 8.
Be3 O-O 9. f4 a6 10. Qf3 Nd7 11. O-O-O Nc5 12. Kb1 Nxb3 13. axb3 Bd7 14. g4 Nb4
15. g5 Rc8 16. h4 Qa5 17. Rh2 Rfe8 18. f5 Bf8 19. f6 Rc7 20. h5 Rec8 21. Nde2
Be8 22. Qf2 Rc6 23. Rf1 R8c7 24. g6 fxg6 25. Nd4 Rxc3 26. bxc3 Qa2+ 27. Kc1
Qa1+ 28. Kd2 Qxc3+ 29. Ke2 e5 30. hxg6 Bxg6 31. Bd2 1/2-1/2

[Event "4NCL"]
[Site "Barcelo Hotel, Daventry, ENG"]
[Date "2010.11.07"]
[Round "2.18"]
[White "Berry, Neil"]
[Black "Byron, Alan M"]
[Result "1/2-1/2"]
[WhiteElo "2346"]
[BlackElo "2190"]
[PlyCount "42"]
[EventDate "2010.??.??"]
[WhiteTeam "Barbican 4NCL 2"]
[BlackTeam "e2e4.org.uk 1"]

1. d4 d5 2. c4 c6 3. Nf3 Nf6 4. Qc2 a6 5. e3 b5 6. b3 g6 7. Bd3 Bg7 8. Bb2 O-O
9. O-O Nbd7 10. cxb5 cxb5 11. Rc1 Bb7 12. Qc7 Qb8 13. Nbd2 Rc8 14. Qa5 Ne8 15.
a4 Rxc1+ 16. Rxc1 bxa4 17. Qxa4 Qd8 18. Ra1 a5 19. Ba3 Nc5 20. Qb5 Nxd3 21.
Qxd3 Nd6 1/2-1/2

[Event "4NCL"]
[Site "Barcelo Hotel, Daventry, ENG"]
[Date "2010.11.07"]
[Round "2.18"]
[White "Mladenov, Ilian"]
[Black "Poobalasingam, Peter S"]
[Result "1/2-1/2"]
[WhiteElo "2210"]
[BlackElo "2332"]
[PlyCount "79"]
[EventDate "2010.??.??"]
[WhiteTeam "e2e4.org.uk 1"]
[BlackTeam "Barbican 4NCL 2"]

1. d4 Nf6 2. Nf3 g6 3. Bg5 Bg7 4. Nbd2 d5 5. e3 O-O 6. Bd3 b6 7. Qe2 Bb7 8. O-O
Ne4 9. Bh4 Nd7 10. Ba6 Bxa6 11. Qxa6 Nd6 12. Bg3 Nf5 13. Qb7 Nxg3 14. hxg3 e6
15. Qc6 Rc8 16. c3 a5 17. e4 Nb8 18. Qa4 c5 19. exd5 exd5 20. Rfe1 Nc6 21. Nb3
cxd4 22. Nbxd4 Nxd4 23. Nxd4 Rc4 24. Qd1 Bxd4 25. cxd4 Qf6 26. Re5 Qc6 27. Re2
Rc8 28. Rd2 Qe6 29. b3 Rc3 30. Qe1 Qg4 31. Rad1 h6 32. f3 Qd7 33. Qf2 a4 34.
bxa4 Qxa4 35. Kh2 Rc2 36. Rxc2 Rxc2 37. Rd2 Rc1 38. Qe3 Qb5 39. Re2 Ra1 40. g4
1/2-1/2

[Event "4NCL"]
[Site "Barcelo Hotel, Daventry, ENG"]
[Date "2010.11.07"]
[Round "2.18"]
[White "Rogers, Jonathan W"]
[Black "Josse, Mark"]
[Result "1/2-1/2"]
[WhiteElo "2338"]
[BlackElo "2159"]
[PlyCount "55"]
[EventDate "2010.??.??"]
[WhiteTeam "Barbican 4NCL 2"]
[BlackTeam "e2e4.org.uk 1"]

1. d4 d5 2. Nf3 Nf6 3. g3 Bf5 4. Bg2 e6 5. O-O Be7 6. c4 c6 7. b3 Nbd7 8. Bb2
h6 9. e3 O-O 10. Qe2 Re8 11. Nbd2 Ne4 12. Nxe4 Bxe4 13. Rfd1 Bd6 14. Bh3 Qe7
15. Nd2 Bg6 16. a3 Nf6 17. Bg2 Rad8 18. f4 Bh5 19. Bf3 Bxf3 20. Qxf3 Bc7 21.
Kg2 Ba5 22. b4 Bc7 23. Bc3 b5 24. cxb5 cxb5 25. g4 Rc8 26. Nb3 Ne4 27. Be1 Nd6
28. Nc5 1/2-1/2

[Event "4NCL"]
[Site "Barcelo Hotel, Daventry, ENG"]
[Date "2010.11.07"]
[Round "2.18"]
[White "Jackson, James P"]
[Black "Martyn, Rafe"]
[Result "1-0"]
[WhiteElo "2146"]
[BlackElo "2292"]
[PlyCount "57"]
[EventDate "2010.??.??"]
[WhiteTeam "e2e4.org.uk 1"]
[BlackTeam "Barbican 4NCL 2"]

1. e4 c6 2. d4 d5 3. f3 e6 4. Nc3 Bb4 5. a3 Bxc3+ 6. bxc3 dxe4 7. Qe2 Nf6 8.
fxe4 e5 9. Nf3 Bg4 10. Qe3 exd4 11. cxd4 O-O 12. Bd3 c5 13. dxc5 Nbd7 14. O-O
Qc7 15. Bb2 Rfe8 16. Bd4 Bf5 17. Ne5 Bg6 18. Nxg6 hxg6 19. Rae1 Ne5 20. Bb5 Re7
21. Qg5 Rd8 22. c3 Qa5 23. a4 Qc7 24. Re3 a6 25. Rh3 axb5 26. Rxf6 Rxd4 27.
cxd4 Qd8 28. Rd6 Qa5 29. Qh4 1-0

[Event "4NCL"]
[Site "Barcelo Hotel, Daventry, ENG"]
[Date "2010.11.07"]
[Round "2.18"]
[White "Coleman, David J"]
[Black "Sugden, John N"]
[Result "0-1"]
[WhiteElo "2247"]
[BlackElo "2193"]
[PlyCount "68"]
[EventDate "2010.??.??"]
[WhiteTeam "Barbican 4NCL 2"]
[BlackTeam "e2e4.org.uk 1"]

1. e4 c6 2. d4 d5 3. exd5 cxd5 4. c4 Nf6 5. Nc3 e6 6. Nf3 Bb4 7. cxd5 Nxd5 8.
Qc2 Nd7 9. Bd3 N7f6 10. O-O O-O 11. Bg5 h6 12. Bd2 Bd6 13. Qc1 Re8 14. Re1 Bd7
15. Ne5 Bc6 16. Nxd5 Bxd5 17. Bxh6 gxh6 18. Qxh6 Bf8 19. Qg5+ Bg7 20. Re3 Nd7
21. Qh5 Nxe5 22. dxe5 f5 23. g4 f4 24. Rh3 Re7 25. Qg6 Kf8 26. Qh5 Rc8 27. g5
Rec7 28. Rh4 Rc1+ 29. Bf1 Bxe5 30. Rxc1 Rxc1 31. Rxf4+ Bxf4 32. Qh8+ Ke7 33.
Qf6+ Kd7 34. Qxf4 Qc7 0-1

[Event "4NCL"]
[Site "Barcelo Hotel, Daventry, ENG"]
[Date "2010.11.07"]
[Round "2.18"]
[White "Almond, Richard J"]
[Black "Chapman, Terry PD"]
[Result "1-0"]
[WhiteElo "2130"]
[BlackElo "2249"]
[PlyCount "77"]
[EventDate "2010.??.??"]
[WhiteTeam "e2e4.org.uk 1"]
[BlackTeam "Barbican 4NCL 2"]

1. d4 Nf6 2. c4 c5 3. d5 b5 4. cxb5 a6 5. e3 Qa5+ 6. Nc3 Bb7 7. Bd2 axb5 8.
Bxb5 Qb6 9. Nf3 Nxd5 10. Nxd5 Bxd5 11. a4 e6 12. Bc3 Be7 13. O-O O-O 14. Qe2
Qb7 15. Nd2 f5 16. f3 Na6 17. e4 fxe4 18. fxe4 Bc6 19. Qg4 g6 20. Bxc6 Qxc6 21.
Nf3 Qc8 22. Ne5 Qe8 23. Rad1 Rxf1+ 24. Rxf1 h5 25. Qg3 g5 26. Nf7 Qxf7 27. Rxf7
Kxf7 28. Qd3 c4 29. Qxc4 Nc5 30. a5 Rd8 31. b4 d5 32. exd5 exd5 33. Qf1+ Kg6
34. bxc5 Bxc5+ 35. Kh1 d4 36. Qd3+ Kh6 37. Bd2 Rb8 38. g3 Rb2 39. h4 1-0

[Event "4NCL"]
[Site "Barcelo Hotel, Daventry, ENG"]
[Date "2010.11.07"]
[Round "2.18"]
[White "Bhatia, Kanwal K"]
[Black "Norinkeviciute, Rasa"]
[Result "1-0"]
[WhiteElo "2072"]
[BlackElo "2028"]
[PlyCount "61"]
[EventDate "2010.??.??"]
[WhiteTeam "Barbican 4NCL 2"]
[BlackTeam "e2e4.org.uk 1"]

1. e4 g6 2. d4 d6 3. Nc3 Bg7 4. Bg5 c5 5. dxc5 Qa5 6. Qd2 Qxc5 7. Nf3 Nc6 8.
Be2 Be6 9. O-O Nf6 10. h3 O-O 11. Rad1 Rac8 12. Be3 Qa5 13. Ng5 Bd7 14. f4 a6
15. Qe1 b5 16. a3 Qc7 17. Qh4 h6 18. Nf3 e6 19. e5 Nd5 20. Nxd5 exd5 21. Rxd5
dxe5 22. fxe5 Be6 23. Rc5 Qe7 24. Qf2 Bf5 25. Rd5 Be4 26. Bc5 Qe6 27. Rd6 Qf5
28. g4 Qf4 29. Be3 Bxe5 30. Bxf4 Bxf4 31. Rd7 1-0

[Event "4NCL"]
[Site "Barcelo Hotel, Hinckley Island"]
[Date "2011.01.15"]
[Round "3.11"]
[White "Howell, David W L"]
[Black "Ledger, Andrew J"]
[Result "1-0"]
[WhiteElo "2608"]
[BlackElo "2429"]
[PlyCount "75"]
[EventDate "2011.??.??"]
[WhiteTeam "Pride & Prejudice"]
[BlackTeam "Betsson.com"]

1. e4 e6 2. d4 d5 3. Nd2 c5 4. Ngf3 cxd4 5. Nxd4 Nf6 6. exd5 Qxd5 7. Nb5 Na6 8.
c4 Qf5 9. Be2 e5 10. O-O Be7 11. a3 O-O 12. b4 Rd8 13. Qb3 Bd7 14. Qf3 Qxf3 15.
Nxf3 e4 16. Nfd4 Ne8 17. Bf4 Bf6 18. Rad1 Bxd4 19. Nxd4 Ba4 20. Rd2 Rac8 21.
Re1 Nf6 22. g4 h6 23. h4 Nb8 24. g5 hxg5 25. hxg5 Nh7 26. Bf1 Nf8 27. Rxe4 Nc6
28. Be3 Ng6 29. Bh3 Rc7 30. f4 a5 31. b5 Nxd4 32. Rdxd4 Rxd4 33. Rxd4 Bb3 34.
c5 Kh7 35. Rd7 Rxd7 36. Bxd7 Ne7 37. c6 Bd5 38. Bc5 1-0

[Event "4NCL"]
[Site "Barcelo Hotel, Hinckley Island"]
[Date "2011.01.15"]
[Round "3.11"]
[White "Ansell, Simon T"]
[Black "Jones, Gawain CB"]
[Result "0-1"]
[WhiteElo "2423"]
[BlackElo "2593"]
[PlyCount "66"]
[EventDate "2011.??.??"]
[WhiteTeam "Betsson.com"]
[BlackTeam "Pride & Prejudice"]

1. d4 Nf6 2. c4 d6 3. g3 g6 4. Bg2 Bg7 5. Nf3 O-O 6. O-O c6 7. Nc3 Nbd7 8. Qc2
e5 9. Rd1 Re8 10. dxe5 dxe5 11. Rb1 e4 12. Nd4 Qe7 13. b4 a5 14. a3 axb4 15.
axb4 Nb6 16. Qb3 Qe5 17. Bf4 Qh5 18. b5 c5 19. Nc2 Nxc4 20. Nxe4 Nxe4 21. Bxe4
Rxe4 22. Rd8+ Bf8 23. Qd3 Rxe2 24. Qxc4 Be6 25. Qxe2 Qxe2 26. Rxa8 Qxc2 27. Rc1
Qf5 28. Bd6 Bc8 29. Rxc5 Qb1+ 30. Kg2 Bxd6 31. Rcxc8+ Kg7 32. Rd8 Bc5 33. Rac8
Qc2 0-1

[Event "4NCL"]
[Site "Barcelo Hotel, Hinckley Island"]
[Date "2011.01.15"]
[Round "3.11"]
[White "Hebden, Mark L"]
[Black "Hunt, Adam C"]
[Result "1-0"]
[WhiteElo "2558"]
[BlackElo "2436"]
[PlyCount "99"]
[EventDate "2011.??.??"]
[WhiteTeam "Pride & Prejudice"]
[BlackTeam "Betsson.com"]

1. d4 Nf6 2. Nf3 g6 3. Nc3 d5 4. Bf4 Bg7 5. Qd2 Ne4 6. Nxe4 dxe4 7. Ne5 c5 8.
e3 O-O 9. Bc4 Nd7 10. O-O-O cxd4 11. exd4 Nxe5 12. dxe5 Qc7 13. Qc3 Be6 14. Bb3
Qxc3 15. bxc3 Rac8 16. Kb2 Rc5 17. Rhe1 Bxb3 18. axb3 Bxe5 19. Bxe5 Rxe5 20.
Rd7 Rb8 21. f3 f5 22. fxe4 fxe4 23. c4 Kf7 24. Kc3 Ke6 25. Rd4 Rf8 26. Rdxe4
Rxe4 27. Rxe4+ Kd6 28. c5+ Kd7 29. Re2 Rf7 30. Kb4 Kc6 31. c4 Kd7 32. Kb5 Rf6
33. Ra2 a6+ 34. Kb4 Rf5 35. Rd2+ Kc6 36. Re2 e5 37. g4 Rg5 38. Re4 h5 39. h3
hxg4 40. hxg4 b6 41. cxb6 Kxb6 42. Ka3 Kc5 43. Ka4 Kb6 44. b4 Kb7 45. Ka5 Ka7
46. b5 axb5 47. Kxb5 Kb7 48. Kc5 Kc7 49. Kd5 Kd7 50. c5 1-0

[Event "4NCL"]
[Site "Barcelo Hotel, Hinckley Island"]
[Date "2011.01.15"]
[Round "3.11"]
[White "Baker, Chris W"]
[Black "Summerscale, Aaron P"]
[Result "1/2-1/2"]
[WhiteElo "2290"]
[BlackElo "2440"]
[PlyCount "31"]
[EventDate "2011.??.??"]
[WhiteTeam "Betsson.com"]
[BlackTeam "Pride & Prejudice"]

1. e4 e6 2. d4 d5 3. exd5 exd5 4. Bd3 c5 5. Qe2+ Be7 6. dxc5 Nf6 7. Nf3 O-O 8.
O-O Bxc5 9. Bg5 Nc6 10. Nc3 Bg4 11. Bxf6 Qxf6 12. Nxd5 Qd6 13. Qe4 f5 14. Qf4
Bxf3 15. Qxd6 Bxd6 16. gxf3 1/2-1/2